000 00376 a2200157 4500
001 50126
040 _cAnchieta - Bela Vista
100 _aAnchietinha Itaigara
240 1 0 _aLápis, papel e criatividade!
_lpor
245 1 0 _aLápis, papel e criatividade!
300 _a29
362 0 _a2007
440 1 _aAnchietinha Itaigara
650 4 _aLiteratura juvenil
942 _cBK
999 _c50126
_d50126